शर शैया / (Record no. 117940)

MARC details
000 -LEADER
fixed length control field 01019nam a22002537a 4500
005 - DATE AND TIME OF LATEST TRANSACTION
control field 20170124103103.0
010 ## - LIBRARY OF CONGRESS CONTROL NUMBER
LC control number A-648745
020 ## - INTERNATIONAL STANDARD BOOK NUMBER
Terms of availability 100.00
035 ## - SYSTEM CONTROL NUMBER
System control number A-648745
037 ## - SOURCE OF ACQUISITION
Source of stock number/acquisition Cen Lib/Ret
040 ## - CATALOGING SOURCE
Original cataloging agency DPL
Language of cataloging HN
082 ## - DEWEY DECIMAL CLASSIFICATION NUMBER
Classification number
Item number गौड़व्
100 ## - MAIN ENTRY--PERSONAL NAME
Personal name गौड़ , वीरेन्द्र कुमार
9 (RLIN) 77598
245 ## - TITLE STATEMENT
Title शर शैया /
Statement of responsibility, etc वीरेन्द्र कुमार गौड़
246 ## - VARYING FORM OF TITLE
Title proper/short title Shar shaiya
Remainder of title by Virendr kumar Goud
260 ## - PUBLICATION, DISTRIBUTION, ETC. (IMPRINT)
Place of publication, distribution, etc दिल्ली
Name of publisher, distributor, etc सुनील साहित्य सदन प्रकाशन
Date of publication, distribution, etc 1993
270 ## - ADDRESS
Address ए -101, उत्तरी घोंडा
City दिल्ली
Postal code 110053
300 ## - PHYSICAL DESCRIPTION
Extent 198पृष्ठ.
Dimensions 21सेमी(सजिल्द)
650 ## - SUBJECT ADDED ENTRY--TOPICAL TERM
Topical term or geographic name as entry element हिंदी साहित्य
9 (RLIN) 77599
650 ## - SUBJECT ADDED ENTRY--TOPICAL TERM
Topical term or geographic name as entry element हिंदी उपन्यास
9 (RLIN) 77600
650 ## - SUBJECT ADDED ENTRY--TOPICAL TERM
Topical term or geographic name as entry element Hindi literature
9 (RLIN) 77601
650 ## - SUBJECT ADDED ENTRY--TOPICAL TERM
Topical term or geographic name as entry element hindi novel
9 (RLIN) 77602
942 ## - ADDED ENTRY ELEMENTS (KOHA)
Source of classification or shelving scheme Dewey Decimal Classification
Koha item type Hindi Books
Classification part
Call number suffix गौड़व्
Holdings
Withdrawn status Lost status Damaged status Not for loan Home library Current library Date acquired Source of acquisition Cost, normal purchase price Total Checkouts Full call number Barcode Date last seen Copy number Cost, replacement price Price effective from Koha item type Public note
Written off       Central Library Central Library 09/09/2015 Cen Lib /Ret 100.00   उ गौड़व् A-648745 09/09/2015 1 100.00 09/09/2015 Hindi Books Written off on approval by DLB (By Circulation); dtd 15-06-2023

© Delhi Public Library
Hit Counter
free hit counter